| 000 | 00484cam a2200181 4500 | ||
|---|---|---|---|
| 005 | 20131010044834.0 | ||
| 008 | 691009s1969 nyu b 000 0 eng | ||
| 080 | _a159.9 | ||
| 100 | 1 | _aMay, Rollo. | |
| 245 | 1 | 0 |
_aLove and will. _cRollo May |
| 260 |
_aNew York, _bNorton _c[1969] |
||
| 300 |
_a352 f.: _c22 cm. |
||
| 504 | _aBibliographical references included in "Notes" (p. [326]-343) | ||
| 650 | 0 | _aSeksi (Psikologji) | |
| 650 | 0 | _aDashuria | |
| 650 | 0 | _aDëshira | |
| 942 |
_2udc _cBK |
||
| 999 |
_c82 _d82 |
||